Két vállalkozás A szegedi színház vendégszereplése Szombathelyen : A Képzelt riport az újszegedi szabadtérin /
Elmentve itt :
| Szerző: | |
|---|---|
| Dokumentumtípus: | Cikk |
| Megjelent: |
1974-06-20
|
| Sorozat: | Délmagyarország
64 No. 142 |
| Kulcsszavak: | vendégszereplések |
| Online Access: | http://dmarchiv.bibl.u-szeged.hu/120343 |
| LEADER | 00550nab a2200157 i 4500 | ||
|---|---|---|---|
| 001 | delm120343 | ||
| 005 | 20190412141526.0 | ||
| 008 | 190412s1974 hu o 0|| hun d | ||
| 040 | |a SZTE Délmagyarország Archívum |b hun | ||
| 041 | |a hun | ||
| 100 | 1 | |a Ladányi Zsuzsa | |
| 245 | 1 | 0 | |a Két vállalkozás |h [elektronikus dokumentum] : |b A szegedi színház vendégszereplése Szombathelyen : A Képzelt riport az újszegedi szabadtérin / |c Ladányi Zsuzsa |
| 260 | |c 1974-06-20 | ||
| 300 | |a 5 | ||
| 490 | 0 | |a Délmagyarország |v 64 No. 142 | |
| 695 | |a vendégszereplések | ||